Raising Happy Brothers & Sister (Record no. 609288)
[ view plain ]
| 000 -LEADER | |
|---|---|
| fixed length control field | 00301nam a22001217a 4500 |
| 020 ## - INTERNATIONAL STANDARD BOOK NUMBER | |
| International Standard Book Number | 9780340834756 |
| 040 ## - CATALOGING SOURCE | |
| Transcribing agency | nust |
| 082 ## - DEWEY DECIMAL CLASSIFICATION NUMBER | |
| Classification number | 649.143 |
| Author Mark | PAR |
| 100 ## - MAIN ENTRY--PERSONAL NAME | |
| Personal name | Parker, Jan |
| 9 (RLIN) | 122903 |
| 245 ## - TITLE STATEMENT | |
| Title | Raising Happy Brothers & Sister |
| 650 ## - SUBJECT ADDED ENTRY--TOPICAL TERM | |
| Topical term or geographic name entry element | Raising Happy Brothers & Sister |
| 9 (RLIN) | 122904 |
| 942 ## - ADDED ENTRY ELEMENTS (KOHA) | |
| Source of classification or shelving scheme | |
| Koha item type | Book |
| Withdrawn status | Lost status | Source of classification or shelving scheme | Damaged status | Not for loan | Permanent Location | Current Location | Shelving location | Date acquired | Total Checkouts | Full call number | Barcode | Date last seen | Price effective from | Koha item type |
|---|---|---|---|---|---|---|---|---|---|---|---|---|---|---|
| College of Electrical & Mechanical Engineering (CEME) | College of Electrical & Mechanical Engineering (CEME) | General Stacks | 05/23/2024 | 649.143 PAR | CEME- 50351 | 05/23/2024 | 05/23/2024 | Book |
